ACCA. (Record no. 130624)
[ view plain ]
| 000 -LEADER | |
|---|---|
| fixed length control field | 01699cas a2200361 i 4500 |
| 001 - CONTROL NUMBER | |
| control field | 19713398 |
| 003 - CONTROL NUMBER IDENTIFIER | |
| control field | ARRUPE |
| 005 - DATE AND TIME OF LATEST TRANSACTION | |
| control field | 20210702110508.0 |
| 008 - FIXED-LENGTH DATA ELEMENTS--GENERAL INFORMATION | |
| fixed length control field | 170615c201u9999enkuu | a0eng |
| 010 ## - LIBRARY OF CONGRESS CONTROL NUMBER | |
| LC control number | 2017206527 |
| 035 ## - SYSTEM CONTROL NUMBER | |
| System control number | (OCoLC)ocn999821087 |
| 040 ## - CATALOGING SOURCE | |
| Original cataloging agency | DLC |
| Language of cataloging | eng |
| Description conventions | rda |
| Transcribing agency | DLC |
| Modifying agency | DLC |
| -- | OCLCF |
| 042 ## - AUTHENTICATION CODE | |
| Authentication code | pcc |
| 050 00 - LIBRARY OF CONGRESS CALL NUMBER | |
| Classification number | HF5661 |
| Item number | .A26234 2021 F9 |
| 300 ## - PHYSICAL DESCRIPTION | |
| Dimensions | 30cm |
| 245 00 - TITLE STATEMENT | |
| Title | ACCA. |
| Name of part/section of a work | Financial management (FM) Workbook |
| Remainder of title | For exams in September 2021, December 2021, March 2022 and June 2022 |
| 246 1# - VARYING FORM OF TITLE | |
| Title proper/short title | ACCA. |
| Number of part/section of a work | Paper F9, |
| Name of part/section of a work | Financial management. |
| -- | Study workbook for examinations to ... |
| 246 1# - VARYING FORM OF TITLE | |
| Title proper/short title | Financial management. |
| Name of part/section of a work | Workbook |
| 300 ## - PHYSICAL DESCRIPTION | |
| Extent | xx, 368p. |
| 500 ## - GENERAL NOTE | |
| General note | Includes Ebook |
| 610 20 - SUBJECT ADDED ENTRY--CORPORATE NAME | |
| Corporate name or jurisdiction name as entry element | Association of Chartered Certified Accountants (Great Britain) |
| General subdivision | Examinations |
| Form subdivision | Study guides. |
| 9 (RLIN) | 50159 |
| 610 27 - SUBJECT ADDED ENTRY--CORPORATE NAME | |
| Corporate name or jurisdiction name as entry element | Association of Chartered Certified Accountants (Great Britain) |
| Source of heading or term | fast |
| 9 (RLIN) | 50160 |
| 650 #0 - SUBJECT ADDED ENTRY--TOPICAL TERM | |
| Topical term or geographic name as entry element | Accounting |
| General subdivision | Examinations |
| Form subdivision | Study guides. |
| 9 (RLIN) | 50161 |
| 650 #0 - SUBJECT ADDED ENTRY--TOPICAL TERM | |
| Topical term or geographic name as entry element | Accountants |
| General subdivision | Certification |
| -- | Examinations |
| Form subdivision | Study guides. |
| 9 (RLIN) | 50162 |
| 650 #7 - SUBJECT ADDED ENTRY--TOPICAL TERM | |
| Topical term or geographic name as entry element | Accounting |
| General subdivision | Examinations. |
| Source of heading or term | fast |
| 9 (RLIN) | 50163 |
| 650 #7 - SUBJECT ADDED ENTRY--TOPICAL TERM | |
| Topical term or geographic name as entry element | Examinations. |
| Source of heading or term | fast |
| 9 (RLIN) | 50164 |
| 655 #7 - INDEX TERM--GENRE/FORM | |
| Genre/form data or focus term | Study guides. |
| Source of term | fast |
| 9 (RLIN) | 50165 |
| 710 2# - ADDED ENTRY--CORPORATE NAME | |
| Corporate name or jurisdiction name as entry element | Association of Chartered Certified Accountants (Great Britain), |
| Relator term | issuing body. |
| 9 (RLIN) | 50160 |
| 780 00 - PRECEDING ENTRY | |
| Title | ACCA. Financial management F9 study system |
| Record control number | (DLC) 2017206650 |
| -- | (OCoLC)1016159371 |
| 906 ## - LOCAL DATA ELEMENT F, LDF (RLIN) | |
| a | 7 |
| b | cbc |
| c | serorig |
| d | 2 |
| e | ncip |
| f | 20 |
| g | n-oclcserc |
| 942 ## - ADDED ENTRY ELEMENTS (KOHA) | |
| Source of classification or shelving scheme | Library of Congress Classification |
| Koha item type | Monograph ( Printed materials) |
| Withdrawn status | Lost status | Source of classification or shelving scheme | Damaged status | Not for loan | Home library | Current library | Date acquired | Total Checkouts | Total Renewals | Full call number | Barcode | Date last seen | Date checked out | Price effective from | Koha item type |
|---|---|---|---|---|---|---|---|---|---|---|---|---|---|---|---|
| Library of Congress Classification | ARRUPE LIBRARY | ARRUPE LIBRARY | 02/07/2021 | 21 | 1 | HF5661 .A26234 2021 F9 | 46600008272 | 04/02/2026 | 02/05/2025 | 02/07/2021 | Monograph ( Printed materials) |